| 000 | 01265cam a22003495a 4500 | ||
|---|---|---|---|
| 001 | 016542628 | ||
| 003 | OSt | ||
| 005 | 20201128021112.0 | ||
| 008 | 131106t2014 paua frbd 001 0 eng d | ||
| 020 | _a9781451188998 (pbk.) | ||
| 020 | _a1451188994 | ||
| 040 |
_aStDuBDS _beng _cStDuBDS _dEG-ScBUE |
||
| 082 | 0 | 4 |
_a616.890231 _222 _bVID |
| 100 | 1 |
_aVidebeck, Sheila L. _936314 |
|
| 240 | 1 | 0 | _aMental health nursing |
| 245 | 1 | 0 |
_aPsychiatric-mental health nursing / _cSheila L. Videbeck ; illustrations by Cathy J. Miller. |
| 246 | 3 | _aPsychiatric mental health nursing | |
| 250 | _a6th ed., International ed. | ||
| 260 |
_aPhiladelphia : _bWolters Kluwer Health / Lippincott Williams & Wilkins, _cc.2014. |
||
| 300 |
_axv, 541 p. : _bill. (col.) ; _c28 cm. |
||
| 500 | _aPrevious edition : published as Mental health nursing. 2009. | ||
| 500 | _aIncludes appendixes. | ||
| 500 | _aGlossary : p. 510-520. | ||
| 500 | _aIndex : p. 521-541. | ||
| 504 | _aIncludes bibliographical references. | ||
| 650 | 7 |
_aPsychiatric nursing. _936309 _2BUEsh |
|
| 650 | 7 |
_aNursing. _92162 _2BUEsh |
|
| 651 | _2BUEsh | ||
| 653 |
_bNNUR _cOctober2014 _cApril2015 _cNovember2015 |
||
| 700 | 1 |
_aMiller, C. J. _936315 _q(Cathy J.), _eillustrator. |
|
| 942 |
_2ddc _k616.890231 VID |
||
| 999 |
_c18494 _d18466 |
||